000 00535nam a2200205Ia 4500
005 20250508164252.0
008 008 250505s9999 xx 000 0 eng d
020 _a0-8264-4797-X
037 _aTextual
040 _aFEDL
_beng
_cFEDL
041 _aeng
_2eng
084 _a001.42, GIL
_qFEDL
100 _aGillham Bill
_988551
245 0 _aResearch interview
260 _aLondon, UK
_bContinuum
_c2005
300 _aviii, 96p.
365 _aINR
_b125
942 _cTEXL
_h001.42, GIL
999 _c1388083
_d1388083